000 00525cab a2200229 4500
001 X580
008 090401t1993 xxu||||| |||| 00| 0 eng d
035 _a(Sirsi) u97830
041 _aeng
245 _aRICS rejects BC statement
260 _c1993
350 _a0
490 _aCS Monthly : Minerals bulletin
_v2(7) April 1993, 3(1)
650 _aBRITISH COAL
650 _aCLOSURE
650 _aCOAL
650 _aMINES
650 _aPITS
690 _aMINING AND MINERALS
942 _n0
948 _c04/03/1997
999 _c59711
_d59711